[Event "29. Staufer-Open (B)"]
[Site "?"]
[Date "2017.01.04"]
[Round "6"]
[White "Schlötterer, Hermann"]
[Black "Gheng, Simona"]
[Result "0-1"]
[WhiteElo "1836"]
[BlackElo "1975"]
[PlyCount "82"]
[EventDate "2017.??.??"]
[WhiteTeam "Zabo-Eintracht Nürnberg"]
[BlackTeam "SF Deizisau"]

1. d4 d5 2. g3 Nf6 3. Bg2 e6 4. Nf3 c5 5. c4 Be7 6. Nc3 O-O 7. O-O cxd4 8. Nxd4
e5 9. Nf3 d4 10. Nd5 Nxd5 11. cxd5 Qxd5 12. e3 Rd8 13. exd4 exd4 14. Bf4 Qd7
15. Ne5 Qb5 16. a4 Qxb2 17. Rb1 Qc3 18. Bd2 Qa3 19. Re1 Bf8 20. Ba5 Re8 21. Bd5
Rxe5 22. Rxe5 Nd7 23. Re8 Qd6 24. Qf3 Qf6 25. Qe2 Qf5 26. Qc4 Qxb1+ 27. Kg2 Qf5
28. Bb4 h5 29. Bxf8 Nxf8 30. Qc5 Be6 31. Qxf8+ Kh7 32. Qg8+ Kh6 33. Qh8+ Kg6
34. Bxb7 Bd5+ 35. Bxd5 Qxd5+ 36. f3 Rxe8 37. Qxe8 d3 38. Qe1 Qa2+ 39. Kf1 Qxa4
40. g4 hxg4 41. Qh4 Qd1+ 0-1

[Event "29. Staufer-Open (B)"]
[Site "?"]
[Date "2017.01.04"]
[Round "6"]
[White "Böhme, Andre"]
[Black "Hurm, Marius"]
[Result "0-1"]
[WhiteElo "1889"]
[BlackElo "1707"]
[PlyCount "70"]
[EventDate "2017.??.??"]
[WhiteTeam "SV Hellern"]
[BlackTeam "SG KK Hohentübingen"]

1. e4 c5 2. Nf3 a6 3. d4 cxd4 4. Nxd4 Nf6 5. Nc3 e5 6. Nf3 Bb4 7. Bd3 d5 8.
exd5 e4 9. Qe2 O-O 10. Bxe4 Nxe4 11. Qxe4 Re8 12. Ne5 Bxc3+ 13. bxc3 Qc7 14.
O-O Qxe5 15. Qd3 Bf5 16. Qd1 Nd7 17. Rb1 b5 18. Bb2 Qe2 19. Qd4 Qe4 20. Qd2
Qxc2 21. Qg5 h6 22. Qg3 Qd2 23. c4 Qg5 24. Rbc1 Qxg3 25. hxg3 Bd3 26. Rfd1 Bxc4
27. a3 Re2 28. Bc3 Rae8 29. d6 Ra2 30. a4 Ree2 31. Bd4 Rxa4 32. Be3 Ra3 33. g4
Raa2 34. Rd4 a5 35. Rcd1 Be6 0-1

[Event "29. Staufer-Open (B)"]
[Site "?"]
[Date "2017.01.04"]
[Round "6"]
[White "Held, Maurice"]
[Black "Schmitt, Roland"]
[Result "0-1"]
[WhiteElo "1723"]
[BlackElo "1939"]
[PlyCount "110"]
[EventDate "2017.??.??"]
[WhiteTeam "SC Ladja Roßdorf"]
[BlackTeam "SK Großsachsen"]

1. c4 Nf6 2. g3 c5 3. Bg2 Nc6 4. Nc3 g6 5. e3 Bg7 6. Nge2 O-O 7. a3 e6 8. d4
cxd4 9. exd4 d5 10. c5 b6 11. b4 bxc5 12. bxc5 e5 13. dxe5 Nxe5 14. O-O Bg4 15.
f3 Be6 16. Nd4 Qa5 17. Qc2 Nc4 18. Nb3 Qd8 19. Nd4 Rc8 20. Nxe6 fxe6 21. Re1
Re8 22. Bh3 Kf7 23. Be3 Nxe3 24. Rxe3 Rxc5 25. Qe2 Rc6 26. Re1 Qb6 27. Kh1 d4
28. Na4 Qa6 29. Qxa6 Rxa6 30. Nc5 dxe3 31. Nxa6 Nd5 32. Nc5 Bd4 33. Ne4 Kg7 34.
Ng5 Nc7 35. Rd1 e5 36. Bf1 h6 37. Ne4 Re7 38. Nd6 Rd7 39. Nc4 Rd5 40. Re1 Rc5
41. Nxe3 Rc3 42. Nc4 Rxf3 43. Bg2 Rc3 44. Bf1 Kf6 45. Kg2 Ne6 46. Be2 h5 47.
Rf1+ Ke7 48. Rd1 Nc5 49. Rb1 Rc2 50. Kf1 Ra2 51. Rb5 Kf6 52. Ra5 Ra1+ 53. Kg2
Rg1+ 54. Kh3 Ne4 55. Ra6+ Kg5 0-1

[Event "29. Staufer-Open (B)"]
[Site "?"]
[Date "2017.01.04"]
[Round "6"]
[White "Buth, Phillip"]
[Black "Weise, Daniel"]
[Result "1/2-1/2"]
[WhiteElo "1697"]
[BlackElo "1787"]
[PlyCount "99"]
[EventDate "2017.??.??"]
[WhiteTeam "SV Weingarten"]
[BlackTeam "SC Leinzell"]

1. c4 e6 2. g3 d5 3. cxd5 exd5 4. Bg2 Nf6 5. d4 Be7 6. Nc3 O-O 7. Nf3 c6 8. e3
Bg4 9. a3 Nbd7 10. Qc2 Re8 11. O-O Bd6 12. b3 Nf8 13. Na4 Qc7 14. b4 Ng6 15.
Nc5 Qc8 16. Bb2 Bf5 17. Qc1 Ne4 18. Nd2 Nxc5 19. bxc5 Bc7 20. a4 Bh3 21. a5
Bxg2 22. Kxg2 Qg4 23. Nf3 a6 24. Qc2 h5 25. h3 Qd7 26. Rfe1 Qe7 27. h4 Qf6 28.
e4 Qe6 29. e5 Qg4 30. Qd2 Bd8 31. Rh1 Nf8 32. Qf4 Ne6 33. Qxg4 hxg4 34. Nh2 f5
35. exf6 Bxf6 36. Rhd1 Nxc5 37. dxc5 Bxb2 38. Rab1 Re2 39. Nxg4 Rae8 40. Rd3
R8e4 41. Ne3 Bd4 42. Kf3 Ra2 43. Rxb7 Rxa5 44. Rb6 Rxc5 45. Rxa6 Bxe3 46. Rxe3
Rxe3+ 47. Kxe3 Rc4 48. Kd3 Kf7 49. f3 Ke6 50. Ra8 1/2-1/2

[Event "29. Staufer-Open (A)"]
[Site "?"]
[Date "2017.01.05"]
[Round "7"]
[White "Nagy, Gabor"]
[Black "Vorobiov, Evgeny E"]
[Result "1/2-1/2"]
[WhiteElo "2433"]
[BlackElo "2585"]
[PlyCount "52"]
[EventDate "2017.??.??"]
[BlackTeam "SF 90 Spraitbach"]

1. Nf3 c5 2. c4 g6 3. d4 cxd4 4. Nxd4 Nc6 5. e4 d6 6. Nc3 Bg7 7. Be3 Qb6 8.
Ncb5 Nxd4 9. Bxd4 Bxd4 10. Qxd4 Qxd4 11. Nxd4 Nf6 12. f3 O-O 13. Be2 Nd7 14.
Kf2 a5 15. b3 Nc5 16. Rhd1 Bd7 17. Rac1 Rfc8 18. Ke3 Kf8 19. Rc3 Rc7 20. Rdc1
Rac8 21. a3 f5 22. Nb5 Bxb5 23. cxb5 b6 24. b4 axb4 25. axb4 Ne6 26. Rxc7 Rxc7
1/2-1/2

[Event "29. Staufer-Open (A)"]
[Site "?"]
[Date "2017.01.05"]
[Round "7"]
[White "Teske, Henrik"]
[Black "Zeller, Frank"]
[Result "1/2-1/2"]
[WhiteElo "2498"]
[BlackElo "2389"]
[PlyCount "41"]
[EventDate "2017.??.??"]
[WhiteTeam "SV Empor Erfurt"]
[BlackTeam "SK Schwäbisch Hall"]

1. Nf3 c5 2. g3 Nc6 3. Bg2 g6 4. c3 Bg7 5. d4 cxd4 6. cxd4 d5 7. Nc3 e6 8. O-O
Nge7 9. Bf4 O-O 10. Rc1 Nf5 11. e3 h6 12. h4 Kh8 13. Re1 Bd7 14. Na4 b6 15. Nc3
Rc8 16. Qd3 Be8 17. a3 Nd6 18. Rc2 f5 19. Bxd6 Qxd6 20. Rec1 Bd7 21. Ne2
1/2-1/2

[Event "29. Staufer-Open (A)"]
[Site "?"]
[Date "2017.01.05"]
[Round "7"]
[White "Womacka, Mathias"]
[Black "Kantor, Gergely"]
[Result "1/2-1/2"]
[WhiteElo "2435"]
[BlackElo "2448"]
[PlyCount "73"]
[EventDate "2017.??.??"]
[WhiteTeam "SK Schwäbisch Hall"]

1. e4 e5 2. Nf3 Nc6 3. Bb5 a6 4. Bxc6 dxc6 5. O-O Bg4 6. h3 h5 7. d3 Qf6 8.
Nbd2 g5 9. Nc4 Bxf3 10. Qxf3 Qxf3 11. gxf3 f6 12. h4 gxh4 13. f4 b5 14. Na5 Kd7
15. f5 Nh6 16. Nb3 Nf7 17. Be3 Bh6 18. Bxh6 Rag8+ 19. Kh1 Nxh6 20. d4 exd4 21.
Rad1 Nf7 22. Nxd4 Nd6 23. f3 c5 24. Ne6 Kc6 25. b3 Rg3 26. Nf4 Nf7 27. Ng6 Re8
28. Rd3 Ne5 29. Nxe5+ fxe5 30. Rg1 Reg8 31. Rxg3 hxg3 32. Kg2 h4 33. Rd1 Rh8
34. Kh3 a5 35. Rd5 Rg8 36. Rd1 Rh8 37. Rd5 1/2-1/2

[Event "29. Staufer-Open (A)"]
[Site "?"]
[Date "2017.01.05"]
[Round "7"]
[White "Müller, Reinhold"]
[Black "Miezis, Normunds"]
[Result "0-1"]
[WhiteElo "2256"]
[BlackElo "2507"]
[PlyCount "75"]
[EventDate "2017.??.??"]
[WhiteTeam "SC Schwarzenbach"]
[BlackTeam "SC Emmendingen"]

1. d4 Nf6 2. c4 e6 3. g3 Bb4+ 4. Bd2 a5 5. Bg2 d5 6. Qc2 O-O 7. Nf3 Nc6 8. O-O
Ne4 9. Bxb4 axb4 10. Nbd2 f5 11. Rfc1 Bd7 12. e3 Be8 13. cxd5 exd5 14. Ne5 Nxe5
15. dxe5 c6 16. f4 Nxd2 17. Qxd2 Qe7 18. Qd3 Bd7 19. a3 bxa3 20. Rxa3 Rxa3 21.
Qxa3 Qxa3 22. bxa3 Ra8 23. Rc3 Kf7 24. Kf2 Be6 25. Ke2 Ke7 26. Kd2 Kd7 27. Kc2
Ra5 28. Kb2 c5 29. Bf1 Kc6 30. Rc1 c4 31. Ka2 Kc5 32. Rd1 g6 33. Be2 b6 34. h3
Rb5 35. Rb1 Rxb1 36. Kxb1 d4 37. Kb2 Bd5 38. exd4+ 0-1

[Event "29. Staufer-Open (A)"]
[Site "?"]
[Date "2017.01.05"]
[Round "7"]
[White "Dgebuadze, Alexandre"]
[Black "Bogdanov, Egor"]
[Result "1/2-1/2"]
[WhiteElo "2505"]
[BlackElo "2379"]
[PlyCount "44"]
[EventDate "2017.??.??"]
[BlackTeam "SF Gerresheim"]

1. Nf3 Nf6 2. d4 g6 3. g3 Bg7 4. Bg2 O-O 5. O-O d6 6. Re1 Nbd7 7. e4 e5 8. Nc3
c6 9. a4 Qc7 10. h3 b6 11. Be3 Bb7 12. Qd2 Rfe8 13. Bh6 Bh8 14. Rad1 Rad8 15.
Qg5 a6 16. dxe5 dxe5 17. Qh4 Nc5 18. Rxd8 Rxd8 19. Bg5 Qe7 20. Nh2 Ne6 21. Ng4
Nxg5 22. Qxg5 Nd5 1/2-1/2

[Event "29. Staufer-Open (A)"]
[Site "?"]
[Date "2017.01.05"]
[Round "7"]
[White "Velicka, Petr"]
[Black "Gavrilov, Alexei"]
[Result "0-1"]
[WhiteElo "2420"]
[BlackElo "2498"]
[PlyCount "114"]
[EventDate "2017.??.??"]
[WhiteTeam "SK Passau"]

1. e4 e5 2. Nf3 Nc6 3. Bb5 a6 4. Ba4 Nf6 5. d3 d6 6. c4 Be7 7. Nc3 O-O 8. h3
Nd4 9. Nxd4 exd4 10. Ne2 c5 11. O-O Rb8 12. Nf4 b5 13. Bb3 Bb7 14. Nd5 Nxd5 15.
exd5 Bg5 16. f4 Bh4 17. Kh2 Re8 18. g3 Bf6 19. Re1 Rxe1 20. Qxe1 Qd7 21. Bd2
bxc4 22. dxc4 h5 23. Qf1 Bc8 24. Re1 Kf8 25. Bc1 Rb4 26. Bd2 Rb7 27. Bc1 Qf5
28. Bd1 d3 29. g4 Qh7 30. Ba4 Re7 31. g5 Rxe1 32. Qxe1 Be7 33. Bd2 Qf5 34. Qe3
f6 35. a3 fxg5 36. fxg5 Kf7 37. b4 Qf1 38. bxc5 dxc5 39. Qf4+ Qxf4+ 40. Bxf4
Kg6 41. h4 Kf5 42. Kg3 Bd8 43. Kf3 Ba5 44. Bd6 Be1 45. Bxc5 Bxh4 46. Be7 d2 47.
Ke2 Be1 48. d6 Ke6 49. c5 g6 50. c6 Kf7 51. Bb3+ Be6 52. Ba4 Bg4+ 53. Kf1 Bg3
54. Bb3+ Ke8 55. c7 Kd7 56. Ba4+ Kc8 57. Bf8 d1=Q+ 0-1

[Event "29. Staufer-Open (A)"]
[Site "?"]
[Date "2017.01.05"]
[Round "7"]
[White "Krassowizkij, Jaroslaw"]
[Black "Gießmann, Stephan"]
[Result "1-0"]
[WhiteElo "2447"]
[BlackElo "2250"]
[PlyCount "77"]
[EventDate "2017.??.??"]
[WhiteTeam "SV Griesheim"]
[BlackTeam "SK Kelheim"]

1. c4 e6 2. g3 d5 3. Bg2 Nf6 4. Nf3 Be7 5. O-O O-O 6. b3 c5 7. Bb2 Nc6 8. e3 b6
9. Nc3 Bb7 10. cxd5 exd5 11. d4 Re8 12. Rc1 Rc8 13. Bh3 Rb8 14. Ne5 cxd4 15.
Nxc6 Bxc6 16. Ne2 Bd7 17. Bxd7 Qxd7 18. Bxd4 Ne4 19. Qd3 Ng5 20. Kh1 Rbc8 21.
Ng1 Ne4 22. Rcd1 Bc5 23. Bxc5 Rxc5 24. Kg2 Nc3 25. Rd2 Ne4 26. Rdd1 Nc3 27. b4
Rc7 28. Rd2 Ne4 29. Rc2 Rxc2 30. Qxc2 Rc8 31. Qb2 Rc4 32. Nf3 Qa4 33. Qe5 h6
34. Qxd5 Qxb4 35. Ne5 Rc2 36. Qxf7+ Kh7 37. h4 Rb2 38. Qf5+ Kh8 39. Nd3 1-0

[Event "29. Staufer-Open (A)"]
[Site "?"]
[Date "2017.01.05"]
[Round "7"]
[White "Stets, Dmitry"]
[Black "Hahn, Markus"]
[Result "1-0"]
[WhiteElo "2425"]
[BlackElo "2324"]
[PlyCount "69"]
[EventDate "2017.??.??"]
[WhiteTeam "SF Gerresheim"]
[BlackTeam "Kasseler SK"]

1. e4 c5 2. Nc3 e6 3. Nf3 a6 4. d4 cxd4 5. Nxd4 Qc7 6. Bd3 Nf6 7. O-O d6 8. Kh1
Nbd7 9. f4 b5 10. Qe2 Bb7 11. Bd2 Be7 12. b4 O-O 13. a4 bxa4 14. Rxa4 Rfc8 15.
Raa1 Bf8 16. Nf3 d5 17. Ng5 Bxb4 18. exd5 Bxc3 19. Bxc3 Qxc3 20. dxe6 Nf8 21.
Nxf7 Re8 22. f5 Bd5 23. Qf2 Nxe6 24. fxe6 Bxe6 25. Ng5 Bc4 26. Ra3 Qb4 27. Qh4
Rac8 28. Bxh7+ Kf8 29. Raf3 Rc6 30. Bd3 Ke7 31. Rf4 Rec8 32. h3 Qc3 33. Ne4
Bxd3 34. Nxc3 Bxf1 35. Nd5+ 1-0

[Event "29. Staufer-Open (A)"]
[Site "?"]
[Date "2017.01.05"]
[Round "7"]
[White "Akhras, Khaled"]
[Black "Wöllermann, Jan"]
[Result "1-0"]
[WhiteElo "2197"]
[BlackElo "2384"]
[PlyCount "45"]
[EventDate "2017.??.??"]
[BlackTeam "AE Magdeburg"]

1. d4 Nf6 2. Nf3 e6 3. c4 b6 4. Bg5 Bb7 5. Nbd2 d5 6. e3 Be7 7. Qc2 O-O 8. Bd3
h6 9. Bxf6 Bxf6 10. cxd5 exd5 11. Rc1 c6 12. O-O Nd7 13. e4 c5 14. e5 Be7 15.
Bf5 Re8 16. e6 fxe6 17. Bxe6+ Kh8 18. Qa4 Nf6 19. Ne5 Qc7 20. Qc2 Ne4 21. Nf7+
Kh7 22. f3 Bd6 23. Nxd6 1-0

[Event "29. Staufer-Open (A)"]
[Site "?"]
[Date "2017.01.05"]
[Round "7"]
[White "Fieberg, Samuel"]
[Black "Hacker, Jonas"]
[Result "1-0"]
[WhiteElo "2191"]
[BlackElo "2382"]
[PlyCount "129"]
[EventDate "2017.??.??"]
[WhiteTeam "SG Porz"]
[BlackTeam "SC Eppingen"]

1. e4 c5 2. Nf3 Nc6 3. d4 cxd4 4. Nxd4 g6 5. Nc3 Bg7 6. Be3 Nf6 7. Be2 O-O 8.
f4 d6 9. O-O Qb6 10. Qd3 Ng4 11. Nd5 Bxd4 12. Bxg4 Bxe3+ 13. Qxe3 Qxe3+ 14.
Nxe3 Bxg4 15. Nxg4 Rfc8 16. c4 Nb4 17. Ne3 Kf8 18. b3 Rab8 19. Rfd1 Na6 20. Kf2
Nc5 21. Kf3 a5 22. Rac1 b5 23. cxb5 Rxb5 24. Rd5 Rcb8 25. e5 a4 26. exd6 exd6
27. bxa4 Ra5 28. Rxd6 Ne6 29. Rc4 Rba8 30. g3 Rxa4 31. Rxa4 Rxa4 32. Rd2 Nd4+
33. Kf2 Nc6 34. Nd5 Nb4 35. Nxb4 Rxb4 36. Ke3 Ke7 37. Kd3 Ra4 38. Kc3 Ra8 39.
Kb4 Rb8+ 40. Ka5 Ra8+ 41. Kb6 h5 42. Kb5 Rb8+ 43. Kc4 Rc8+ 44. Kb3 Rb8+ 45. Kc3
Ra8 46. Kb2 Rb8+ 47. Ka1 Ke6 48. a3 Kf5 49. Ka2 h4 50. a4 hxg3 51. hxg3 Kg4 52.
Rd3 f6 53. Ka3 g5 54. fxg5 fxg5 55. a5 Kh3 56. Ka4 g4 57. a6 Rb6 58. Ka5 Rb1
59. Ra3 Rf1 60. a7 Rf5+ 61. Kb6 Rf8 62. Rc3 Rf6+ 63. Kb7 Rf7+ 64. Kb8 Rf8+ 65.
Rc8 1-0

[Event "29. Staufer-Open (A)"]
[Site "?"]
[Date "2017.01.05"]
[Round "7"]
[White "Höglauer, Patrick"]
[Black "Pfreundt, Jakob"]
[Result "1-0"]
[WhiteElo "2195"]
[BlackElo "2347"]
[PlyCount "91"]
[EventDate "2017.??.??"]
[WhiteTeam "SC Grunbach"]
[BlackTeam "Königsspr. SC"]

1. e4 c6 2. d4 d5 3. Nc3 dxe4 4. Nxe4 Bf5 5. Ng3 Bg6 6. h4 h6 7. Nf3 e6 8. Ne5
Bh7 9. Bc4 Nd7 10. Qe2 Nxe5 11. dxe5 Ne7 12. Be3 Nd5 13. O-O-O Qa5 14. Bd2 Qb6
15. Nh5 a5 16. Rh3 a4 17. a3 Qc5 18. Bd3 Bxd3 19. Rxd3 Qc4 20. Kb1 b5 21. g3
Rg8 22. Nf4 Rb8 23. b3 Qc5 24. Nxd5 cxd5 25. Bb4 Qa7 26. Qd2 Bc5 27. Kb2 Qe7
28. Bxc5 Qxc5 29. Rc3 Qb6 30. Qd4 Qxd4 31. Rxd4 Kd7 32. Rb4 axb3 33. Rcxb3 Kc6
34. a4 Rb6 35. Rc3+ Kd7 36. Rxb5 Rxb5+ 37. axb5 Rb8 38. Rc5 Ra8 39. Kb3 f6 40.
f4 fxe5 41. fxe5 Ra1 42. Kb4 Rb1+ 43. Ka5 Ra1+ 44. Kb6 g5 45. hxg5 hxg5 46. Kb7
1-0

[Event "29. Staufer-Open (A)"]
[Site "?"]
[Date "2017.01.05"]
[Round "7"]
[White "Frischmann, Rick"]
[Black "Henrich, Thomas"]
[Result "1/2-1/2"]
[WhiteElo "2323"]
[BlackElo "2224"]
[PlyCount "117"]
[EventDate "2017.??.??"]
[WhiteTeam "SC Schwarzenbach"]
[BlackTeam "SK Marburg"]

1. e4 e6 2. d4 d5 3. Nd2 Nc6 4. Ngf3 Nf6 5. e5 Nd7 6. Bd3 Nb4 7. Be2 c5 8. c3
Nc6 9. O-O cxd4 10. cxd4 f6 11. exf6 Nxf6 12. Re1 Bd6 13. Nb1 O-O 14. Nc3 Qb6
15. h3 Bd7 16. Na4 Qc7 17. Be3 Ne4 18. Rc1 Qa5 19. Nc3 Nxc3 20. bxc3 Ne7 21.
Bd3 Nf5 22. Bd2 g6 23. g4 Ng7 24. Ne5 Qd8 25. Kg2 Qh4 26. f4 Bc6 27. Qe2 Rae8
28. Rf1 Qf6 29. Rce1 Bxe5 30. Qxe5 Qd8 31. Rf2 Rf7 32. Rh1 Qa5 33. Bb1 Qc7 34.
Qg5 Ref8 35. Re1 Qd8 36. Qh6 Bd7 37. Kg3 Ne8 38. h4 Rg7 39. Bc1 Qa5 40. Bd2 Nd6
41. Qg5 Nf5+ 42. Bxf5 gxf5 43. Qh6 Rg6 44. Qh5 Rxg4+ 45. Kh2 Be8 46. Qh6 Rg6
47. Rg1 Qd8 48. Rxg6+ hxg6 49. Rg2 Qf6 50. h5 Qg7 51. Qg5 Rf6 52. Be1 Rf8 53.
Bh4 Kh7 54. Kh3 Rg8 55. Qd8 Qf7 56. hxg6+ Rxg6 57. Rxg6 Qxg6 58. Qg5 Qxg5 59.
Bxg5 1/2-1/2

[Event "29. Staufer-Open (A)"]
[Site "?"]
[Date "2017.01.05"]
[Round "7"]
[White "Wichmann, Cliff"]
[Black "Böhm, Martin"]
[Result "1/2-1/2"]
[WhiteElo "2319"]
[BlackElo "2204"]
[PlyCount "49"]
[EventDate "2017.??.??"]
[WhiteTeam "ESV Nickelhütte Aue"]
[BlackTeam "SC Bann"]

1. e4 c5 2. Nf3 e6 3. d4 cxd4 4. Nxd4 a6 5. Nc3 Qc7 6. Be2 Nc6 7. f4 Bb4 8.
Nxc6 bxc6 9. Qd4 Bf8 10. O-O Nf6 11. Kh1 Qa7 12. Qd3 Be7 13. e5 Nd5 14. Ne4 O-O
15. c4 f5 16. Nd6 Nb4 17. Qc3 Bxd6 18. exd6 c5 19. Be3 Bb7 20. Rad1 Be4 21. Bf3
Rab8 22. Rd2 Nxa2 23. Qa5 Nb4 24. Bxc5 Qb7 25. Qa4 1/2-1/2

[Event "29. Staufer-Open (A)"]
[Site "?"]
[Date "2017.01.05"]
[Round "7"]
[White "Jansen, Dirk Norbert"]
[Black "Rafiee, Makan"]
[Result "1/2-1/2"]
[WhiteElo "2166"]
[BlackElo "2316"]
[PlyCount "57"]
[EventDate "2017.??.??"]
[WhiteTeam "SVG Plettenberg"]
[BlackTeam "Kasseler SK"]

1. e4 e5 2. Nf3 Nc6 3. Bc4 Bc5 4. c3 Nf6 5. d4 exd4 6. cxd4 Bb4+ 7. Bd2 Nxe4 8.
Bxb4 Nxb4 9. Bxf7+ Kxf7 10. Qb3+ Kf8 11. Qxb4+ Qe7 12. Qxe7+ Kxe7 13. Nc3 Nxc3
14. bxc3 d6 15. O-O Be6 16. Rfe1 Kd7 17. Nd2 Rhe8 18. a3 Bf7 19. Kf1 Kc6 20.
Re3 b6 21. g4 Rxe3 22. fxe3 Be6 23. h3 h5 24. Kf2 hxg4 25. hxg4 Bxg4 26. Rg1
Rf8+ 27. Ke1 Be6 28. Rxg7 Rf7 29. Rg5 1/2-1/2

[Event "29. Staufer-Open (A)"]
[Site "?"]
[Date "2017.01.05"]
[Round "7"]
[White "Keller, Peter"]
[Black "Ewert, Hannes"]
[Result "0-1"]
[WhiteElo "2295"]
[BlackElo "2184"]
[PlyCount "96"]
[EventDate "2017.??.??"]
[WhiteTeam "Frankfurter TV"]
[BlackTeam "SV Hellern"]

1. e4 e6 2. d4 d5 3. Nd2 dxe4 4. Nxe4 Nd7 5. Nf3 Ngf6 6. Bd3 Be7 7. O-O O-O 8.
Qe2 b6 9. Bg5 Bb7 10. Nxf6+ Nxf6 11. Rad1 h6 12. Bh4 Qd5 13. c4 Qh5 14. Bxf6
Bxf3 15. Qxf3 Qxf3 16. gxf3 Bxf6 17. Be4 Rad8 18. d5 exd5 19. Rxd5 Rxd5 20.
Bxd5 Bxb2 21. Re1 Bf6 22. Bc6 Rd8 23. Re8+ Rxe8 24. Bxe8 Kf8 25. Bc6 Be5 26. h3
Ke7 27. Kf1 Kd6 28. Be8 f6 29. Ke2 Kc5 30. Bf7 Kb4 31. Kd3 c5 32. Be8 Ka3 33.
Ke4 Kxa2 34. f4 Bd4 35. f5 Bxf2 36. Ba4 Ka3 37. Bb5 Kb3 38. Ba6 Kb4 39. Kd3 Ka5
40. Bc8 a6 41. Ke2 Bd4 42. Kd3 b5 43. h4 h5 44. Be6 Kb4 45. Bf7 Bf2 46. Bxh5
Kb3 47. Bd1+ Kb2 48. h5 b4 0-1

[Event "29. Staufer-Open (A)"]
[Site "?"]
[Date "2017.01.05"]
[Round "7"]
[White "Hahn, Florian"]
[Black "Jurek, Josef"]
[Result "0-1"]
[WhiteElo "2142"]
[BlackElo "2272"]
[PlyCount "70"]
[EventDate "2017.??.??"]
[WhiteTeam "SC Herborn"]
[BlackTeam "SG Schwäbisch Gmünd"]

1. Nf3 Nf6 2. c4 b6 3. g3 c5 4. Bg2 Bb7 5. O-O g6 6. Nc3 Bg7 7. d4 cxd4 8. Qxd4
d6 9. Qh4 h6 10. Qd4 Nbd7 11. Be3 Rc8 12. Rac1 O-O 13. Qd3 Bxf3 14. exf3 Ne5
15. Qe2 Nxc4 16. f4 e6 17. Nb5 Nxe3 18. Rxc8 Qxc8 19. fxe3 Qa6 20. Rc1 Qxa2 21.
Nxd6 Rd8 22. Nb7 Rb8 23. Qc2 Ne8 24. Rd1 Qxb2 25. Qa4 a5 26. Qd7 Bf6 27. e4 e5
28. f5 Qb3 29. fxg6 Rxb7 30. Qxe8+ Kg7 31. Rd5 Qe3+ 32. Kf1 Rc7 33. Rd1 Re7 34.
gxf7 Rxf7 35. Rd7 Be7+ 0-1

[Event "29. Staufer-Open (A)"]
[Site "?"]
[Date "2017.01.05"]
[Round "7"]
[White "Shahin, Walid"]
[Black "Wild, Achim"]
[Result "1/2-1/2"]
[WhiteElo "2137"]
[BlackElo "2293"]
[PlyCount "66"]
[EventDate "2017.??.??"]
[WhiteTeam "SK Weilheim"]
[BlackTeam "SC Schwarzenbach"]

1. d4 d5 2. c4 c6 3. Nc3 Nf6 4. cxd5 cxd5 5. f3 Nc6 6. e4 e6 7. e5 Ng8 8. f4
Nh6 9. Nf3 Nf5 10. g4 Nh4 11. Be3 h5 12. g5 Nxf3+ 13. Qxf3 g6 14. f5 gxf5 15.
O-O-O Bd7 16. Rg1 Ne7 17. g6 fxg6 18. Nb5 Bxb5 19. Bxb5+ Kf7 20. Kb1 a6 21. Bd3
Bh6 22. Bf2 Nc6 23. Rxg6 Kxg6 24. Rg1+ Kf7 25. Bxf5 exf5 26. Qxf5+ Ke8 27. e6
Qe7 28. Bh4 Qh7 29. Rg8+ Qxg8 30. Qxh5+ Kf8 31. Qf5+ Ke8 32. Qh5+ Kf8 33. Qf5+
Ke8 1/2-1/2

[Event "29. Staufer-Open (A)"]
[Site "?"]
[Date "2017.01.05"]
[Round "7"]
[White "Kersten, Uwe"]
[Black "Walter, Kevin"]
[Result "1/2-1/2"]
[WhiteElo "2280"]
[BlackElo "2178"]
[PlyCount "48"]
[EventDate "2017.??.??"]
[WhiteTeam "Kasseler SK"]
[BlackTeam "SK Sontheim/Brenz"]

1. e4 c5 2. Nf3 d6 3. Bc4 Nf6 4. d3 Nc6 5. c3 e6 6. Bb3 Be7 7. O-O O-O 8. Re1
e5 9. Nbd2 h6 10. Nf1 Re8 11. Ng3 Bf8 12. h3 Rb8 13. d4 Qc7 14. dxc5 dxc5 15.
Nh4 b5 16. Nhf5 c4 17. Bc2 Ne7 18. Ne3 Be6 19. Qf3 Rbd8 20. Ng4 Nxg4 21. hxg4
f6 22. Be3 Ng6 23. Nf5 Bc5 24. g3 Rd7 1/2-1/2

[Event "29. Staufer-Open (A)"]
[Site "?"]
[Date "2017.01.05"]
[Round "7"]
[White "Mesman, Edwyn"]
[Black "Kahrovic, Mersid"]
[Result "0-1"]
[WhiteElo "1951"]
[BlackElo "2268"]
[PlyCount "144"]
[EventDate "2017.??.??"]
[BlackTeam "SF 90 Spraitbach"]

1. d4 d5 2. c4 c6 3. Nf3 Nf6 4. Nc3 a6 5. c5 Bf5 6. Bf4 Nbd7 7. e3 e6 8. Bd3
Bg6 9. O-O Be7 10. b4 O-O 11. a4 Nh5 12. Bxg6 hxg6 13. Qd2 g5 14. Bg3 g4 15.
Ne1 f5 16. Nd3 Nxg3 17. hxg3 Bf6 18. b5 Qc7 19. bxc6 bxc6 20. a5 e5 21. Nb4 e4
22. Qa2 Kh7 23. Rfc1 Kg6 24. Ncxd5 cxd5 25. Nxd5 Qc6 26. Nf4+ Kh7 27. d5 Qc8
28. Rab1 Rb8 29. c6 Rxb1 30. Qxb1 Ne5 31. d6 Re8 32. c7 Rf8 33. Nd5 Qd7 34. Nb6
Qxd6 35. c8=Q Rxc8 36. Rxc8 Qd2 37. Nc4 Nxc4 38. Rxc4 Qxa5 39. Rc2 Qd5 40. Ra2
a5 41. Qc2 Bc3 42. f3 Be1 43. fxe4 fxe4 44. Ra4 Bb4 45. Ra1 Qe5 46. Rf1 Bc5 47.
Re1 Qxg3 48. Qxe4+ g6 49. Kf1 Qh4 50. Ke2 Qh5 51. Rf1 Bd6 52. Rf7+ Kh6 53. Qd3
g3+ 54. Rf3 Qh2 55. Kd1 Qxg2 56. Rf6 Qh1+ 57. Kc2 Qc6+ 58. Kb1 Qh1+ 59. Kc2
Qh2+ 60. Kb1 Qh5 61. Qxd6 g2 62. Qg3 Qg5 63. Qh3+ Kg7 64. Qd7+ Kxf6 65. Qd8+
Kf5 66. Qd5+ Kg4 67. Qxg2+ Kh5 68. Qf3+ Qg4 69. Qh1+ Kg5 70. Kc2 Qe2+ 71. Kb1
Qxe3 72. Qd5+ Kf4 {0:1 (133)} 0-1

[Event "29. Staufer-Open (A)"]
[Site "?"]
[Date "2017.01.05"]
[Round "7"]
[White "Danada, Tomas"]
[Black "Smolny, Frieder"]
[Result "0-1"]
[WhiteElo "2246"]
[BlackElo "2161"]
[PlyCount "110"]
[EventDate "2017.??.??"]
[BlackTeam "SC Weiße Dame Ulm"]

1. g3 g6 2. Bg2 Bg7 3. e4 e5 4. Ne2 Nf6 5. O-O O-O 6. c4 a6 7. d4 exd4 8. Nxd4
Nc6 9. Nxc6 bxc6 10. e5 Ne8 11. Re1 Qe7 12. Nc3 Qc5 13. Qe2 Rb8 14. Bg5 h6 15.
Bf4 g5 16. Bd2 d6 17. exd6 Nxd6 18. b3 Nf5 19. Rad1 Nd4 20. Qe3 Bg4 21. Ne4 Qf5
22. Bc3 Nc2 23. Qd3 Nxe1 24. Rxe1 Rbd8 25. Qc2 Bd4 26. h3 Bxh3 27. Bxh3 Qxh3
28. Bxd4 Rxd4 29. Nf6+ Kg7 30. Qc3 Rfd8 31. Qf3 Kg6 32. Ne8 Qf5 33. Qxc6+ f6
34. Re6 R8d6 35. Rxd6 cxd6 36. Nxd6 Qe6 37. c5 Rd1+ 38. Kg2 Qe1 39. Kh3 Qe6+
40. Kg2 Qe1 41. Kh3 h5 42. Qe4+ Qxe4 43. Nxe4 Kf5 44. Nd6+ Ke6 45. Nc4 Ra1 46.
a4 Kd5 47. Nd6 g4+ 48. Kg2 Kxc5 49. Ne4+ Kb4 50. Nxf6 Kxb3 51. Nxh5 Rxa4 52.
Nf6 a5 53. Nd7 Rd4 54. Nb6 Rd6 55. Nc8 Ra6 0-1

[Event "29. Staufer-Open (A)"]
[Site "?"]
[Date "2017.01.05"]
[Round "7"]
[White "Hecht, Carsten"]
[Black "Reitz, Philipp"]
[Result "1-0"]
[WhiteElo "2240"]
[BlackElo "1855"]
[PlyCount "71"]
[EventDate "2017.??.??"]
[WhiteTeam "LSV Turm Lippstadt"]
[BlackTeam "VfR-SC Koblenz"]

1. e4 e5 2. Nf3 Nc6 3. Bb5 a6 4. Ba4 Nf6 5. O-O Be7 6. d3 b5 7. Bb3 O-O 8. Nc3
d6 9. a3 Bg4 10. Be3 Qd7 11. h3 Bxf3 12. Qxf3 Nd4 13. Bxd4 exd4 14. Nd5 Nxd5
15. Bxd5 c6 16. Bb3 Bf6 17. a4 Rab8 18. Ra2 Qb7 19. Rfa1 b4 20. Rf1 a5 21. Raa1
Qe7 22. g3 Qe5 23. Kg2 Rfe8 24. Qg4 Qc5 25. h4 Rb7 26. Rh1 Kf8 27. Raf1 Ke7 28.
e5 dxe5 29. Qh5 Kd6 30. Qxh7 g6 31. Qh6 e4 32. dxe4 Rxe4 33. Qf8+ Ree7 34. Re1
Kd7 35. Bxf7 Qxc2 36. Be8+ 1-0

[Event "29. Staufer-Open (A)"]
[Site "?"]
[Date "2017.01.05"]
[Round "7"]
[White "Hildenbrand, Peter"]
[Black "Wagner, Florian"]
[Result "1-0"]
[WhiteElo "2226"]
[BlackElo "2118"]
[PlyCount "69"]
[EventDate "2017.??.??"]
[WhiteTeam "SC Leimen"]
[BlackTeam "SC Noris-Tarrasch Nürnberg"]

1. d4 d5 2. Bf4 c5 3. e3 Qb6 4. Nc3 Nf6 5. Nb5 Na6 6. a4 c4 7. Nf3 Bd7 8. c3
Bxb5 9. axb5 Qxb5 10. b3 Ne4 11. bxc4 dxc4 12. Qc2 Nxc3 13. Nd2 Qb4 14. Bxc4
Rc8 15. Rc1 Rxc4 16. Nxc4 Qxc4 17. Qxc3 Qxc3+ 18. Rxc3 e5 19. Ke2 exf4 20. Rb1
Nb4 21. Rxb4 Bxb4 22. Rc8+ Kd7 23. Rxh8 h6 24. Kd3 fxe3 25. fxe3 Be7 26. e4 a5
27. Ra8 Bd8 28. Kc4 Bc7 29. g4 Kc6 30. d5+ Kd6 31. h3 Kd7 32. h4 Bd8 33. h5 Bc7
34. Rg8 Be5 35. Kb5 1-0